Statistics for Five Northernmost....

Click here to take the quiz!

General Stats

  • This quiz has been taken 98 times
    (90 since last reset)
  • The average score is 33 of 50

Answer Stats

HintAnswer% Correct
83°06'Canada
99%
80°49'Norway
99%
81°51'Russia
96%
59°95'Oslo
95%
70°05'Finland
94%
31°36'Egypt
92%
59°32'Stockholm
92%
71°23'United States
92%
37°05'Algeria
91%
83°38'Greenland
91%
83°38'Greenland
91%
60°17'Helsinki
91%
33°10'Libya
91%
37°21'Tunisia
90%
35°55'Morocco
89%
66°33'Iceland
87%
55°45'Moscow
87%
64°13'Reykjavík
87%
47°05'Italy
82%
46°33'Croatia
80%
51°05'France
80%
51°30'London
80%
37°47'San Francisco
80%
46°52'Slovenia
80%
48°51'Paris
75%
59°43'Tallinn
75%
45°16'Bosnia and Herzegovina
73%
38°33'Sacramento
71%
7°02'Borneo
67%
5°39'Sumatra
66%
62°23'Faroe Islands
65%
73°44'Baffin Island
62%
18°39'Luzon
59%
80°49'Svalbard
52%
83°12'Ellesmere Island
51%
67°02'Great Bear Lake
49%
1°45'Sulawesi
47%
73°21'Victoria Island
47%
63°11'Great Slave Lake
46%
37°48'Oakland
44%
41°00'Istanbul
39%
9°49'Mindanao
37%
71°09'Jan Mayen
28%
60°26'Åland Islands
25%
37°58'Stockton
23%
62°54'Lake Onega
20%
45°45'Harbin
15%
37°39'Modesto
14%
67°01'Nettilling Lake
9%
75°07'Taymyr Lake
9%

Score Distribution

Percentile by Number Answered

Percent of People with Each Score

Your Score History

You have not taken this quiz since the last reset